000
00313nam a2200133Ia 4500
008
220216s9999 xx 000 0 und d
245
0
_a
Pruning to prevent wind damage
260
_b
Planters Bulletin
_c
1967
300
_a
147-157
650
_a
Pruning
650
_a
Rubber
650
_a
Wind damage
942
_c
JS
999
_c
66085
_d
66085